[Event "Schleswig Holstein-ch Seniors op 11th"]
[Site "Buesum"]
[Date "2017.09.12"]
[Round "5"]
[White "Bordasch, Christian"]
[Black "Jaeke, Wilhelm"]
[Result "0-1"]
[WhiteElo "1805"]
[BlackElo "1983"]
[PlyCount "146"]
[EventDate "2017.09.08"]
[EventType "swiss"]
[EventRounds "9"]
[EventCountry "GER"]
[SourceTitle "EXT 2019"]
[Source "ChessBase"]
[SourceDate "2018.10.10"]
[SourceVersion "1"]
[SourceVersionDate "2018.10.10"]
[SourceQuality "1"]

1. d4 Nf6 2. c4 e6 3. Nc3 Bb4 4. Nf3 b6 5. Qc2 Bb7 6. a3 Bxc3+ 7. Qxc3 Ne4 8. Qc2 0-0 9. g3 f5 10. Bg2 a5 11. 0-0 Qe7 12. Nd2 d5 13. cxd5 exd5 14. Nf3 Nc6 15. e3 Kh8 16. Nd2 Qd7 17. Nb1 a4 18. Nc3 Nxc3 19. Qxc3 Na5 20. Rb1 Ba6 21. Re1 Bc4 22. Bf1 Rf6 23. Bxc4 Nxc4 24. Qd3 Re8 25. Qf1 Rfe6 26. Rd1 h6 27. Bd2 Kh7 28. Bc3 Re4 29. Re1 g5 30. Qh3 Kg6 31. Qg2 h5 32. Kh1 Qc6 33. Rg1 R8e7 34. Bb4 Rh7 35. h4 Qf6 36. hxg5 Qxg5 37. Qf3 Qg4 38. Qxg4+ hxg4+ 39. Kg2 Re8 40. Bc3 Reh8 41. Rh1 Rh3 42. Rxh3 Rxh3 43. Rh1 Rxh1 44. Kxh1 Kf6 45. Kg1 Ke6 46. Kf1 Nd6 47. Ke2 Ne4 48. Be1 Kd6 49. Kd3 Kc6 50. Kc2 Kb5 51. b3 Nd6 52. Bb4 Ne4 53. Be1 c5 54. dxc5 bxc5 55. Kb2 axb3 56. Kxb3 c4+ 57. Ka2 Nc5 58. Kb1 Nd3 59. Bc3 Nxf2 60. Be1 Ne4 61. Kc2 Ka4 62. Kb2 c3+ 63. Bxc3 Nxg3 64. Be1 Ne4 65. Kc2 g3 66. Bxg3 Nxg3 67. Kd3 Kxa3 68. Kd4 Kb4 69. Kxd5 Kc3 70. Ke5 Kd3 71. Kf4 Ke2 72. e4 fxe4 73. Kxg3 Kd2 0-1

[Event "Schleswig Holstein-ch Seniors op 11th"]
[Site "Buesum"]
[Date "2017.09.10"]
[Round "3"]
[White "Chmielewski, Axel"]
[Black "Jaeke, Wilhelm"]
[Result "0-1"]
[WhiteElo "1860"]
[BlackElo "1983"]
[PlyCount "88"]
[EventDate "2017.09.08"]
[EventType "swiss"]
[EventRounds "9"]
[EventCountry "GER"]
[SourceTitle "EXT 2019"]
[Source "ChessBase"]
[SourceDate "2018.10.10"]
[SourceVersion "1"]
[SourceVersionDate "2018.10.10"]
[SourceQuality "1"]

1. d4 e6 2. c4 f5 3. g3 Nf6 4. Bg2 Bb4+ 5. Bd2 Qe7 6. Nc3 0-0 7. e3 d6 8. Nge2 c6 9. 0-0 e5 10. Qc2 Bxc3 11. Bxc3 e4 12. h4 Be6 13. b3 Nbd7 14. Nf4 Bf7 15. Rae1 h6 16. f3 g5 17. hxg5 hxg5 18. Ne2 Bg6 19. Qd2 Rf7 20. Kf2 exf3 21. Bxf3 Bh5 22. Qd3 Bxf3 23. Kxf3 Re8 24. Bd2 Ne4 25. Nc3 Ndf6 26. Kg2 Qe6 27. Rh1 Ng4 28. Nd1 d5 29. Bc1 Qd6 30. Rh3 Rh7 31. Reh1 Ree7 32. Qf1 Rxh3 33. Rxh3 Rh7 34. Qh1 Ngf6 35. Qh2 Ng4 36. Qg1 Rxh3 37. Kxh3 Kg7 38. Nb2 Ngf2+ 39. Kh2 Qh6+ 40. Kg2 Qh3+ 41. Kf3 Qg4+ 42. Kg2 Qxg3+ 43. Kf1 Qf3 44. Ke1 g4 0-1